000 00962nam a2200265 i 4500
001 bg
003 BPK
005 20221024093350.0
008 020718s1978 pl a f f |001 0 pol
015 _aPB 1978/8453
040 _aWA N
_cBPK
080 _a621.791/.795
080 _a(075.8)
100 1 _aPiwowar, Stanisław
_d(1920-2010)
_eAutor
245 1 0 _aSpawalnictwo :
_b[podręcznik spawalnictwa przeznaczony dla studentów kierunku Mechanika] /
_cStanisław Piwowar.
260 _aWarszawa :
_bPaństwowe Wydaw. Naukowe,
_c1978.
300 _a151, [1] s. :
_bil., tab., wykr., err. ;
_c24 cm.
490 1 _aTechniki Wytwarzania.
504 _aBibliogr., wykaz podstawowych norm spawalniczych. Indeks.
655 4 _aPodręczniki akademickie
650 4 _aSpawalnictwo
856 _uhttp://koha.tu.koszalin.pl/cgi-bin/koha/opac-detail.pl?biblionumber=18081
_yKatalog online BPK
830 0 _aTechniki Wytwarzania
942 _2UKD
_cKS
999 _c18081
_d18081